000
00306nam a22001337a 4500
008
171124b xxu||||| |||| 00| 0 eng d
020
_a
9780761921257
041
_a
eng
080
_a
159.9
100
_a
50
101
_a
PSI
245
_a
CHILDREN ADOLESCENT THE MEDIA
_c
VICTOR .C.S
942
_2
udc
_c
BK
999
_c
38504
_d
38504